| 000 | 00784nam a22001577a 4500 | ||
|---|---|---|---|
| 003 | OSt | ||
| 005 | 20151025134951.0 | ||
| 008 | 151025b xxu||||| |||| 00| 0 eng d | ||
| 040 | _cRUA | ||
| 082 | _aAVM VAN 2013 B107 Or.1 | ||
| 100 |
_92861 _aVANN PANHA |
||
| 245 | _aStudy on effectivness of mebendazole and pyrantel on parasith in gastro-intestinal track of cattle in stung treng, stung treng province, (ការសិក្សាពីប្រសិទ្ធភាព Mebendazole និង pyrantel លើបរាសិតនៅក្នុងក្រពះពោះវៀនគោ នៅស្រុកស្ទឹងត្រែង ខេត្តស្ទឹងត្រែង) | ||
| 260 |
_aPhom Penh _bRua _c2013 |
||
| 300 |
_ax; 50p. _bill. _c29cm. |
||
| 942 |
_2ddc _cAVM |
||
| 999 |
_c2679 _d2679 |
||